|
|
|
|
| LEADER |
00000nam0a2200000 4500 |
| 001 |
354720 |
| 005 |
20231102010724.0 |
| 035 |
|
|
|a (RuTPU)RU\TPU\retro\11979
|
| 090 |
|
|
|a 354720
|
| 100 |
|
|
|a 20200625d1972 m y0rusy50 ca
|
| 101 |
0 |
|
|a rus
|
| 102 |
|
|
|a RU
|
| 105 |
|
|
|a a j 001zy
|
| 200 |
1 |
|
|a Аппаратура, приборы и методы промыслово-геофизических исследований скважин
|e учебное пособие
|f П. А. Поспелов
|g Всесоюзный заочный политехнический институт
|
| 210 |
|
|
|a Москва
|c Редакционно-издательский отдел
|d 1972
|
| 215 |
|
|
|a 97 с.
|c ил.
|
| 320 |
|
|
|a Библиогр.: с. 93
|
| 606 |
1 |
|
|a Нефтегазоносность
|x Каротаж
|2 stltpush
|3 (RuTPU)RU\TPU\subj\45602
|9 64795
|
| 606 |
0 |
|
|a Геофизика промысловая
|2 stltpush
|3 (RuTPU)RU\TPU\subj\51479
|9 70072
|
| 610 |
1 |
|
|a нефтегазовые комплексы
|
| 610 |
1 |
|
|a промыслово-геофизические исследования
|
| 610 |
1 |
|
|a промыслово-геофизическое приборостроение
|
| 610 |
1 |
|
|a аппаратура
|
| 610 |
1 |
|
|a оборудование
|
| 610 |
1 |
|
|a автоматические каротажные станции
|
| 610 |
1 |
|
|a лаборатории
|
| 610 |
1 |
|
|a измерительная аппаратура
|
| 610 |
1 |
|
|a скважинные приборы
|
| 610 |
1 |
|
|a газокаротажные станции
|
| 610 |
1 |
|
|a бурение
|
| 610 |
1 |
|
|a контроль
|
| 610 |
1 |
|
|a скважины
|
| 610 |
1 |
|
|a техническое состояние
|
| 610 |
1 |
|
|a горные породы
|
| 610 |
1 |
|
|a образцы
|
| 610 |
1 |
|
|a жидкость
|
| 610 |
1 |
|
|a пробы
|
| 610 |
1 |
|
|a грунтонос
|
| 610 |
1 |
|
|a перфораторы
|
| 610 |
1 |
|
|a прихват
|
| 610 |
1 |
|
|a определение места
|
| 610 |
1 |
|
|a торпедирование
|
| 610 |
1 |
|
|a торпеды
|
| 610 |
1 |
|
|a каротажные кабели
|
| 610 |
1 |
|
|a самоходные каротажные подъемники
|
| 610 |
1 |
|
|a самоходные перфораторные подъемники
|
| 610 |
1 |
|
|a учебные пособия
|
| 675 |
|
|
|a 553.98:550.832(075.8)
|v 4
|
| 675 |
|
|
|a 550.83(075.8)
|v 4
|
| 700 |
|
1 |
|a Поспелов
|b П. А.
|g Петр Александрович
|
| 712 |
0 |
2 |
|a Всесоюзный заочный политехнический институт
|c (Москва)
|c (1947-1992)
|2 stltpush
|3 (RuTPU)RU\TPU\col\8269
|9 24506
|
| 801 |
|
1 |
|a RU
|b 63413507
|c 20200625
|
| 801 |
|
2 |
|a RU
|b 63413507
|c 20210125
|g RCR
|
| 942 |
|
|
|c BK
|